000 00671nam a22002297a 4500
005 20250516105448.0
008 250516b |||||||| |||| 00| 0 eng d
037 _cTB
040 _aLCT
_cLCT
041 _2eng
_aeng
_heng
084 _aZ1 Q16
100 _aAhuja, V K
_9784740
245 _aPublic International Law:
260 _aGurgaon, India:
_bLexis Nexis,
_c2016
300 _axxxii, 416p.
650 _aInternational Law
_9784741
650 _aPublic International Law
_9784742
650 _aLaw of Peace
_9755467
650 _aLaw of War
_9755468
650 _aInternational Institutions
_9784743
942 _2CC
_cTB
_hZ1 Q16
_n0
999 _c1400999
_d1400999